[Event "IECC Swiss email"]
[Site "IECC email"]
[Date "1999.07.10"]
[Round "?"]
[White "Brady, Stuart"]
[Black "Dunn, Paul Michael"]
[Result "1-0"]
[WhiteElo "1859"]
[BlackElo "1794"]
[PlyCount "37"]
[EventDate "1999.??.??"]
[EventType "tourn (corr)"]
[EventRounds "6"]
[SourceTitle "Corr 2008"]
[Source "ChessBase"]
[SourceDate "2008.06.24"]
[SourceVersion "1"]
[SourceVersionDate "2008.06.24"]
[SourceQuality "1"]

1. d4 Nf6 2. Nf3 g6 3. Nc3 d5 4. Bf4 Bg7 5. e3 0-0 6. Be2 c6 7. h4 Bg4 8. Ne5 Bxe2 9. Qxe2 Nbd7 10. 0-0-0 Qc8 11. h5 Nxh5 12. Rxh5 gxh5 13. Qxh5 Nf6 14. Qh4 b5 15. g4 b4 16. g5 bxc3 17. gxf6 cxb2+ 18. Kb1 Qe6 19. fxg7 1-0

[Event "IECC Swiss email"]
[Site "IECC email"]
[Date "1999.02.27"]
[Round "?"]
[White "Brady, Stuart"]
[Black "Hassan, William"]
[Result "1-0"]
[WhiteElo "1848"]
[BlackElo "1716"]
[PlyCount "55"]
[EventDate "1999.??.??"]
[EventType "tourn (corr)"]
[EventRounds "6"]
[SourceTitle "Corr 2008"]
[Source "ChessBase"]
[SourceDate "2008.06.24"]
[SourceVersion "1"]
[SourceVersionDate "2008.06.24"]
[SourceQuality "1"]

1. d4 Nf6 2. Nf3 d5 3. e3 e6 4. Bd3 c5 5. b3 Bd6 6. 0-0 0-0 7. Bb2 cxd4 8. exd4 Nc6 9. Nbd2 Nb4 10. Be2 b6 11. a3 Nc6 12. Bd3 Bb7 13. Ne5 Rc8 14. f4 a6 15. Ndf3 b5 16. Nxc6 Bxc6 17. Ne5 Qb6 18. Qe2 Bb7 19. Rf3 Rfe8 20. Rh3 h6 21. Rf1 Ne4 22. Rxh6 Bxe5 23. fxe5 gxh6 24. Qh5 Rc7 25. Qxh6 Qa5 26. b4 Qb6 27. Bxe4 f5 28. exf6 1-0

[Event "IECC Swiss email"]
[Site "IECC email"]
[Date "1998.11.27"]
[Round "4"]
[White "Brady, Stuart"]
[Black "Gibson, Robert"]
[Result "1-0"]
[WhiteElo "1863"]
[BlackElo "1347"]
[PlyCount "23"]
[EventDate "1998.??.??"]
[EventType "tourn (corr)"]
[EventRounds "6"]
[SourceTitle "Corr 2008"]
[Source "ChessBase"]
[SourceDate "2008.06.24"]
[SourceVersion "1"]
[SourceVersionDate "2008.06.24"]
[SourceQuality "1"]

1. e4 e5 2. Nf3 Nc6 3. d4 exd4 4. Nxd4 Nxd4 5. Qxd4 b6 6. Bc4 Bb7 7. Nc3 Bb4 8. Qxg7 Qf6 9. Bxf7+ Kd8 10. Bg5 Bxc3+ 11. bxc3 Ke7 12. Bxg8+ 1-0